Programa en software controlador de medidores

Збережено в:
Бібліографічні деталі
Автор: Leiva Aldana, Orlando José
Формат: Книга
Опубліковано: San José, Costa Rica 1992
Предмети:
Теги: Додати тег
Немає тегів, Будьте першим, хто поставить тег для цього запису!

MARC

LEADER 00000nam a2200000Ia 4500
003 005390
005 20221231144324.0
008 140114s1992 cr a m 000 ||s d
040 |c cru CEDI 
090 |a TFG 2571 
100 |a Leiva Aldana, Orlando José  |9 12547 
245 |a Programa en software controlador de medidores 
260 |c 1992  |a San José, Costa Rica 
300 |a  ix, 95 páginas ; 27 cm  
500 |a Proyecto de graduación (bachillerato en ingeniería eléctrica)--Universidad de Costa Rica. Facultad de Ingeniería. Escuela de Ingeniería Eléctrica 
650 |x COMPAÑIA NACIONAL DE FUERZA Y LUZ (COSTA RICA)  |x REGULADORES ELECTRICOS   |x CONTROL DE INVENTARIOS   |x AUTOMATIZACION  |9 12548 
942 |c TFG 
999 |c 20151  |d 20151